Laboratory and field tests of sounding leads /

Bibliographic Details
Main Author: Watts, George M.
Format: Government Document Book
Language:English
Published: [Washington] : U.S. Beach Erosion Board, 1954.
Series:Technical memorandum (United States. Beach Erosion Board) ; 54.
Subjects:

MARC

Tag First Indicator Second Indicator Subfields
LEADER 00000cam a2200000Ii 4500
001 in00002077832
005 20151102121718.0
008 780601s1954 dcua f000 0 eng d
035 |a (OCoLC)ocm03942413 
040 |a AED  |c AED  |d OCLCQ  |d TXA  |d UtOrBLW 
049 |a TXAM 
086 0 |a D 103.19:54 
090 |a TC203  |b .U56 tm no. 54 
100 1 |a Watts, George M. 
245 1 0 |a Laboratory and field tests of sounding leads /  |c [by George M. Watts]. 
264 1 |a [Washington] :  |b U.S. Beach Erosion Board,  |c 1954. 
300 |a 42 pages :  |b illustrations ;  |c 26 cm. 
336 |a text  |b txt  |2 rdacontent 
337 |a unmediated  |b n  |2 rdamedia 
338 |a volume  |b nc  |2 rdacarrier 
490 1 |a Technical memorandum ;  |v 54 
650 0 |a Sedimentation and deposition. 
650 0 |a Sounding and soundings. 
830 0 |a Technical memorandum (United States. Beach Erosion Board) ;  |v 54. 
994 |a C0  |b TXA 
999 |a MARS 
999 f f |s 2a5c5176-456b-3ad7-986d-c7baa96520ac  |i c8fcc083-006d-313b-a334-2024bc6b22ef  |t 0 
952 f f |p normal  |a Texas A&M University  |b College Station  |c Sterling C. Evans Library  |d Evans: US Documents (Annex 5th floor)  |t 0  |e D 103.19:54  |h Superintendent of Documents classification  |i unmediated -- volume  |m A14832384762 
998 f f |a D 103.19:54  |t 0  |l Evans: US Documents (Annex 5th floor)